Northernmost to Southernmost: Asia - Statistics

General Stats
  • This quiz has been taken 17 times
  • The average score is 42 of 49
Answers on the Map
Answers color-coded by a green-red scale on the quiz's map according to % correct below.
 
Answer Stats
Answer % Correct
Kazakhstan
100%
Russia
100%
Armenia
93%
Azerbaijan
93%
China
93%
Georgia
93%
Japan
93%
Kyrgyzstan
93%
Mongolia
93%
North Korea
93%
Tajikistan
93%
Turkey
93%
Turkmenistan
93%
Uzbekistan
93%
Afghanistan
87%
India
87%
Iran
87%
Iraq
87%
Malaysia
87%
Pakistan
87%
South Korea
87%
Syria
87%
Thailand
87%
Timor-Leste
87%
Bahrain
80%
Bangladesh
80%
Bhutan
80%
Brunei
80%
Cambodia
80%
Cyprus
80%
Indonesia
80%
israel
80%
Jordan
80%
Kuwait
80%
Laos
80%
Lebanon
80%
Maldives
80%
Myanmar
80%
Nepal
80%
Oman
80%
Philippines
80%
Qatar
80%
Saudi Arabia
80%
Singapore
80%
Sri Lanka
80%
Taiwan
80%
United Arab Emirates
80%
Vietnam
80%
Yemen
80%
No matching quizzes found
Score Distribution
Percent of People with Each Score
Percentile by Number Answered
Your Score History
You have not taken this quiz